<?xml version="1.0" encoding="UTF-8"?>
<record
    xmlns:xsi="http://www.w3.org/2001/XMLSchema-instance"
    xsi:schemaLocation="http://www.loc.gov/MARC21/slim http://www.loc.gov/standards/marcxml/schema/MARC21slim.xsd"
    xmlns="http://www.loc.gov/MARC21/slim">

  <leader>00964    a2200229   4500</leader>
  <controlfield tag="005">20081103113219.0</controlfield>
  <controlfield tag="008">081103t        xxu||||| |||| 00| 0 &#x62A;&#x62F;&#x631; d</controlfield>
  <datafield tag="010" ind1=" " ind2=" ">
    <subfield code="a">UR-7292</subfield>
  </datafield>
  <datafield tag="020" ind1=" " ind2=" ">
    <subfield code="a">8187113982</subfield>
    <subfield code="c">350.00</subfield>
  </datafield>
  <datafield tag="035" ind1=" " ind2=" ">
    <subfield code="a">U-5847</subfield>
  </datafield>
  <datafield tag="037" ind1=" " ind2=" ">
    <subfield code="b">D.B.Act/pub</subfield>
  </datafield>
  <datafield tag="082" ind1=" " ind2=" ">
    <subfield code="a">954.083</subfield>
  </datafield>
  <datafield tag="245" ind1=" " ind2=" ">
    <subfield code="a">&#x633;&#x631; &#x6AF;&#x632;&#x634;&#x62A; &#x62F;&#x6BE;&#x644;&#x6CC;  &#x645;&#x631;&#x62A;&#x628;&#x6C1; &#x62F;&#x631;&#x62E;&#x634;&#x627; &#x6BA; &#x62A;&#x627; &#x62C;&#x648;&#x631;</subfield>
    <subfield code="c">&#x645;&#x631; &#x62A;&#x628;&#x6C1; &#x62F;&#x631; &#x62E;&#x634;&#x627;&#x6BA; &#x62A;&#x627; &#x62C;&#x648;&#x631;</subfield>
  </datafield>
  <datafield tag="246" ind1=" " ind2=" ">
    <subfield code="a">Sarguzasht-e-Delhi</subfield>
    <subfield code="b">   edited by Darakshan Tajwar</subfield>
  </datafield>
  <datafield tag="260" ind1=" " ind2=" ">
    <subfield code="a">&#x631;&#x627;&#x645; &#x67E;&#x648;&#x631;</subfield>
    <subfield code="b">&#x631;&#x636;&#x627; &#x644;&#x627; &#x64A;&#x628;&#x631; &#x64A;&#x631;&#x6CC;</subfield>
    <subfield code="c">2007</subfield>
  </datafield>
  <datafield tag="270" ind1=" " ind2=" ">
    <subfield code="a">&#x631;&#x627;&#x645; &#x67E;&#x648;&#x631;  &#x631;&#x636;&#x627; &#x644;&#x627; &#x64A;&#x628;&#x631;&#x64A;&#x631;&#x6CC;</subfield>
    <subfield code="b">&#x631;&#x627;&#x645;&#x67E;&#x648;&#x631;</subfield>
    <subfield code="e">244901</subfield>
  </datafield>
  <datafield tag="300" ind1=" " ind2=" ">
    <subfield code="a">399 &#x635;</subfield>
    <subfield code="b">&#x67E;&#x6A9;&#x686;&#x631;</subfield>
    <subfield code="c">22cm/ &#x633;&#x6C1; &#x62C;&#x644;&#x62F;</subfield>
  </datafield>
  <datafield tag="650" ind1=" " ind2=" ">
    <subfield code="a">&#x62A;&#x627; &#x631; &#x64A;&#x62E;</subfield>
  </datafield>
  <datafield tag="700" ind1=" " ind2=" ">
    <subfield code="a">&#x635;&#x62F; &#x64A;&#x642;&#x6CC; &#x648;&#x642;&#x627;&#x631; &#x627;&#x644;&#x62D;&#x633;&#x646;</subfield>
  </datafield>
  <datafield tag="942" ind1=" " ind2=" ">
    <subfield code="a">dpl</subfield>
    <subfield code="c">UR</subfield>
    <subfield code="2">ddc</subfield>
    <subfield code="h">954.083</subfield>
    <subfield code="m">&#x633;&#x631; &#x6AF;</subfield>
  </datafield>
  <datafield tag="999" ind1=" " ind2=" ">
    <subfield code="c">1990</subfield>
    <subfield code="d">1990</subfield>
  </datafield>
  <datafield tag="952" ind1=" " ind2=" ">
    <subfield code="0">0</subfield>
    <subfield code="1">0</subfield>
    <subfield code="2">ddc</subfield>
    <subfield code="4">0</subfield>
    <subfield code="7">1</subfield>
    <subfield code="8">NFIC</subfield>
    <subfield code="a">DBAD</subfield>
    <subfield code="b">DBAD</subfield>
    <subfield code="d">2008-11-03</subfield>
    <subfield code="g">350.00</subfield>
    <subfield code="l">0</subfield>
    <subfield code="o">954.083 &#x633;&#x631; &#x6AF;</subfield>
    <subfield code="p">U-5847</subfield>
    <subfield code="r">2008-09-15 00:00:00</subfield>
    <subfield code="u">2103</subfield>
    <subfield code="v">350.00</subfield>
    <subfield code="w">2008-09-15</subfield>
    <subfield code="y">UR</subfield>
  </datafield>
</record>
